| Tag |
First Indicator |
Second Indicator |
Subfields |
| LEADER |
00000pam a2200000 a 4500 |
| 001 |
in00000072418 |
| 005 |
20151008053415.0 |
| 008 |
810417s1981 mau b s00110 eng |
| 010 |
|
|
|a 81003337
|
| 020 |
|
|
|a 0870231774 :
|c $20.00
|
| 035 |
|
|
|a (OCoLC)07459774
|
| 035 |
|
|
|9 AAH7333AM
|
| 039 |
0 |
|
|a 2
|b 3
|c 3
|d 3
|e 3
|
| 040 |
|
|
|a DLC
|c DLC
|d TXA
|d UtOrBLW
|
| 041 |
1 |
|
|a eng
|a ger
|
| 049 |
|
|
|a TXAM
|c [1803332]
|
| 050 |
0 |
0 |
|a B945.P44
|b A7513
|
| 082 |
0 |
|
|a 191
|2 19
|
| 100 |
1 |
|
|a Apel, Karl-Otto.
|
| 240 |
1 |
4 |
|a Der Denkweg von Charles S. Peirce.
|l English
|
| 245 |
1 |
0 |
|a Charles S. Peirce :
|b from pragmatism to pragmaticism /
|c by Karl-Otto Apel ; translated [from the German] by John Michael Krois.
|
| 264 |
|
1 |
|a Amherst, Mass. :
|b University of Massachusetts Press,
|c 1981.
|
| 300 |
|
|
|a xxvii, 253 pages ;
|c 25 cm.
|
| 336 |
|
|
|a text
|b txt
|2 rdacontent
|
| 337 |
|
|
|a unmediated
|b n
|2 rdamedia
|
| 338 |
|
|
|a volume
|b nc
|2 rdacarrier
|
| 500 |
|
|
|a Translation of: Der Denkweg von Charles S. Peirce.
|
| 500 |
|
|
|a Includes index.
|
| 504 |
|
|
|a Bibliography: pages [249]-250.
|
| 600 |
1 |
0 |
|a Peirce, Charles S.
|q (Charles Sanders),
|d 1839-1914.
|
| 650 |
|
0 |
|a Pragmatism.
|
| 740 |
4 |
|
|a Der Denkweg von Charles S. Peirce.
|
| 999 |
|
|
|a MARS
|
| 999 |
f |
f |
|s 5a985b42-9a2a-3187-9c85-c5a6e3efe3f3
|i 70f12bac-d5e2-35ba-b6bb-63cd5e69090a
|t 0
|
| 952 |
f |
f |
|p ric
|a Texas A&M University
|b Rellis Campus
|c Joint Library Facility
|d Remote Storage
|t 0
|e B945.P44 A7513
|h Library of Congress classification
|i unmediated -- volume
|m A14806079591
|
| 998 |
f |
f |
|a B945.P44 A7513
|t 0
|l Remote Storage
|